Proceso de Reorganización Nacional (segunda parte).
El conflicto por las islas del canal de Beagle, la Guerra de Malvinas, la persecución política y la desaparición forzada de personas; la crisis económica y el ocaso de uno de los períodos más nefastos de la historia argentina reciente: el tramo final (1978-1982) de la última dictadura militar en Arg...
Guardado en:
| Autor Principal: | |
|---|---|
| Autor Corporativo: | |
| Formato: | |
| Publicado: |
Argentina,
2010
|
| Series: | Crónicas de Archivo
|
| Materias: | |
| Etiquetas: |
Agregar Etiqueta
Sin Etiquetas, Sea el primero en etiquetar este registro!
|
| LEADER | 01348ngm a22003495g 4500 | ||
|---|---|---|---|
| 001 | CEM.cems023162 | ||
| 008 | 130507s2010##################0###0#####d | ||
| 005 | 20241218140541.0 | ||
| 245 | 1 | 0 | |a Proceso de Reorganización Nacional (segunda parte). |
| 260 | |a Argentina, |c 2010 | ||
| 300 | |a 29'. | ||
| 490 | 0 | |a Crónicas de Archivo | |
| 500 | |a Consultar en ventanilla. | ||
| 538 | |a Soporte: DVD - Color: Si - Grabación DRD | ||
| 520 | |a El conflicto por las islas del canal de Beagle, la Guerra de Malvinas, la persecución política y la desaparición forzada de personas; la crisis económica y el ocaso de uno de los períodos más nefastos de la historia argentina reciente: el tramo final (1978-1982) de la última dictadura militar en Argentina. | ||
| 590 | |a Identificación anterior registrada en SIABUC: DVD Nº 59B | ||
| 100 | 1 | |a Sein, Santiago | |
| 710 | 2 | |a Canal Encuentro. | |
| 082 | 9 | 8 | |/ SEI-2 |
| 653 | |a DICTADURA | ||
| 653 | |a TERRORISMO DE ESTADO | ||
| 653 | |a VIDELA | ||
| 653 | |a GALTIERI | ||
| 653 | |a HISTORIA | ||
| 653 | |a HISTORIA ARGENTINA | ||
| 653 | |a GUERRA DE MALVINAS | ||
| 653 | |a CANAL DE BEAGLE | ||
| 653 | |a DESAPARECIDOS | ||
| 653 | |a SERIE DE TELEVISIÓN | ||
| 653 | |a NIVEL PRIMARIO | ||
| 653 | |a NIVEL SECUNDARIO | ||
| 859 | |a CEMS |b BIB. CEMS - Depto. Recursos Didacticos |h 982 |i SEI-2 |k DRD |p 1805.13 |t Ej.1 | ||
